书目信息 |
| 题名: |
外来词
|
|
| 作者: | 李古川 著 | |
| 分册: | ||
| 出版信息: | 上海 上海锦绣文章出版社 2008.04 |
|
| 页数: | 188页 | |
| 开本: | 21cm | |
| 丛书名: | 达人365系列 | |
| 单 册: | ||
| 中图分类: | H136.5-49 | |
| 科图分类: | ||
| 主题词: | 汉语--han yu--外来语--通俗读物 | |
| 电子资源: | ||
| ISBN: | 978-7-5452-0008-9 | |
| 000 | 00825nam 2200253 450 | |
| 001 | 012008511027 | |
| 005 | 20080902075824.42 | |
| 010 | @a978-7-5452-0008-9@dCNY16.00 | |
| 100 | @a20080901d2008 em y0chiy0120 ea | |
| 101 | 0 | @achi |
| 102 | @aCN@b310000 | |
| 105 | @aa z 000yy | |
| 106 | @ar | |
| 200 | 1 | @a外来词@Awai lai ci@f李古川著@Fli gu chuan zhu |
| 210 | @a上海@c上海锦绣文章出版社@d2008.04 | |
| 215 | @a188页@c图@d21cm | |
| 225 | 2 | @a达人365系列@Ada ren 365 xi lie |
| 330 | @a本书主要内容包括:高尔夫;巴士;蹦极;英特网;克隆;阿司匹林;安可;奥林匹克运动会;博客;维他命;香格里拉等等。 | |
| 410 | 0 | @12001 @a达人365系列 |
| 606 | 0 | @a汉语@Ahan yu@x外来语@j通俗读物 |
| 690 | @aH136.5-49@v4 | |
| 701 | 0 | @a李古川@Ali gu chuan@4著 |
| 801 | 0 | @aCN@bQSSK@c20080902 |
| 905 | @b734522-24@dH136.5-49@eL160@f3 | |
| 外来词/李古川著.-上海:上海锦绣文章出版社,2008.04 |
| 188页:图;21cm.-(达人365系列) |
| ISBN 978-7-5452-0008-9:CNY16.00 |
| 本书主要内容包括:高尔夫;巴士;蹦极;英特网;克隆;阿司匹林;安可;奥林匹克运动会;博客;维他命;香格里拉等等。 |
| ● |
| 相关链接 |
|
|
|
正题名:外来词
索取号:H136.5-49/L160
 
预约/预借
| 序号 | 登录号 | 条形码 | 馆藏地/架位号 | 状态 | 备注 |
| 1 | 734522 | 207345229 | 语言库209/209语言库 73排2列3层/ [索取号:H136.5-49/L160] | 在馆 | |
| 2 | 734523 | 207345238 | 语言库209/209语言库 73排2列3层/ [索取号:H136.5-49/L160] | 在馆 | |
| 3 | 734524 | 207345247 | 语言库209/209语言库 73排2列3层/ [索取号:H136.5-49/L160] | 在馆 |